000 01637nam a2200217Ii 4500
008 221202s xx 000 0 und d
100 1 _aLooseley, David,
_eauthor
245 0 _aÉdith Piaf
246 _aA Cultural History
264 1 _aLiverpool
_bLiverpool University Press
_c2015
300 _a1 online resource
336 _atext
_btxt
_2rdacontent
337 _acomputer
_bc
_2rdamedia
338 _aonline resource
_bcr
_2rdacarrier
520 _aThe world-famous French singer Édith Piaf (1915-63) was never just a singer. Dozens of biographies of her, of variable quality, have seldom got beyond the well known and usually contested 'facts' of her life. This book suggests new ways of understanding her. A 'cultural history' of Piaf means exploring her cultural, social and political significance as a national and international icon, looking at her shifting meanings over time, at home and abroad. How did she become a star and a myth? What did she come to mean in life and in death? At the centenary of her birth and more than fifty years after her passing, why do we still remember her work and commemorate her through the work of others, from Claude Nougaro and Elton John to Ben Harper and Zaz, as well as in films, musicals, documentaries and tribute acts around the world? What does she mean today? The book proposes the notion of an imagined Piaf.
653 _aBiography
653 _aCulture Studies
653 _aHistory
856 _uhttps://docs.google.com/spreadsheets/d/1yKIrdCPDAG_9c22mwoOIO2DOhtj65Wqa/edit?usp=sharing&ouid=106555315294820607512&rtpof=true&sd=true
_yList of Curated E-Books
942 _cE-BOOK
999 _c91408
_d91405